Youth and skills putting education to work

This Global Monitoring Report reminds us that education is nots only about making sure all children can attend school. It is about setting young people up for life, by givimg them opportunities to find decent work earn a living, contribute to their communities and societies, and fulfil their potenti...

Popoln opis

Shranjeno v:
Bibliografske podrobnosti
Korporativna značnica: UNESCO
Format: Knjiga
Jezik:Undetermined
Izdano: France United Nations Educational, Scientific and Culture Organization 2012
Teme:
Oznake: Označite
Brez oznak, prvi označite!
Thư viện lưu trữ: Trung tâm Học liệu Trường Đại học Cần Thơ
LEADER 01119nam a2200217Ia 4500
001 CTU_211270
008 210402s9999 xx 000 0 und d
082 |a 305.235 
082 |b U58 
110 |a UNESCO 
245 0 |a Youth and skills putting education to work 
245 0 |c UNESCO 
260 |a France 
260 |b United Nations Educational, Scientific and Culture Organization 
260 |c 2012 
520 |a This Global Monitoring Report reminds us that education is nots only about making sure all children can attend school. It is about setting young people up for life, by givimg them opportunities to find decent work earn a living, contribute to their communities and societies, and fulfil their potential. At the wider level, it is about helping cuontries nuture the workforce they need to grow in the global economy. 
650 |a Adolescent psychology,Youth,Tấm lý học vị thành niên,Thanh niên 
650 |x Social conditions,Điều kiện xã hội 
650 |y 21st century,Thế kỷ 21 
904 |i Qhieu 
980 |a Trung tâm Học liệu Trường Đại học Cần Thơ